Celoštátna slávnostná konferencia k Medzinárodnému dňu sestier

Bibliographic Details
Main Author: Čierny, Gustáv, 1924-2012 (Author)
Corporate Author: Oslava minulosti - výzva pre budúcnosť (Author)
Format: Conference Proceeding Article
Language:Slovak
Subjects:

MARC

LEADER 00000nab a2200000 a 4500
001 vtls000804926
003 SK-MaSNL
005 20260304105634.0
008 250429c1999 xo 0 slo
015 |a SNBRB2002/09-28429 
035 |a CLN000156581 
035 |a urn:nbn:sk:snk-ab6xxe 
035 |a (uuid)5e0c7706-a052-43d1-8d9f-e27bddb0ad87 
035 |a (urnnbn)urn:nbn:sk:snk:ar-a0671n 
035 |a (sysno)vtls000804926 
040 |a SNKBUCL  |b slo  |c SNKBUCL  |e AACR2 
041 0 |a slo 
044 |a xo  |c SK 
080 |a 614.253.5:061.3  |2 1997 
100 1 |a Čierny, Gustáv,  |d 1924-2012  |4 aut  |9 172524 
245 1 0 |a Celoštátna slávnostná konferencia k Medzinárodnému dňu sestier  |c G. Čierny 
650 0 7 |a kongresy  |2 snkbucl  |9 19200 
650 0 7 |a zdravotné sestry  |2 snkbucl  |9 70278 
650 0 7 |a výchova a vzdelávanie  |2 snkbucl  |9 1684 
655 7 |a články z novín a časopisov  |2 snkbucl  |9 267496 
711 1 |a Oslava minulosti - výzva pre budúcnosť  |d 1999  |c Nitra, Slovensko  |4 aut  |9 1407239 
773 0 |t Revue ošetrovateľstva a laboratórnych metodík  |g Roč. 5, č. 3 (1999), s. 101 
850 |a Slovenská národná knižnica 
852 |a Slovenská národná knižnica 
958 |a article27 
958 |a OND 
958 |a MI 
958 |a EUIPO 
999 |c 2856449  |d 2858379